Verejné obstarávanie

Úplné znenie zákona č. 263/1999 Z.z. o verejnom obstarávaní a o zmene a doplnení niektorých zákonov.

Salvato in:
Dettagli Bibliografici
Natura: Capitolo di libro
Lingua:slovacco
Soggetti:
Tags: Aggiungi Tag
Nessun Tag, puoi essere il primo ad aggiungerne!!

MARC

LEADER 00000naa a2200000 4500
001 r037864
005 20230919115313.4
041 0 |a slo 
044 |a SK 
245 1 0 |a Verejné obstarávanie 
520 |a Úplné znenie zákona č. 263/1999 Z.z. o verejnom obstarávaní a o zmene a doplnení niektorých zákonov. 
610 2 0 |a obstarávanie verejné 
610 2 0 |a zákony 
610 2 0 |a Slovensko